KIDS SEE GHOSTS Tracklist By Streams - Statistics

General Stats
  • This quiz has been taken 20 times
  • The average score is 6 of 7
Answer Stats
# Streams Answer % Correct
1 339,488,058 Reborn
100%
2 223,173,178 4th Dimension
94%
4 115,554,475 Cudi Montage
89%
3 136,973,792 Feel The Love
89%
5 93,346,587 Fire
89%
7 77,910,718 Freeee (Ghost Town Pt. 2)
89%
6 87,805,071 Kids See Ghosts
89%
No matching quizzes found
Score Distribution
Percent of People with Each Score
Percentile by Number Answered
Your Score History
You have not taken this quiz